[Monetární ekonomie v malé otevřené ekonomice]

Recenzia publikácie: Mandel, M. - Tomšík, V.: Monetátní ekonomie v malé otevřené ekonomice. Predmetom je analýza monetárnych procesov v malej otvorenej ekonomike. Publikácia sa skladá z 13 kapitol agregovaných do troch častí, ktoré pokrývajú problematiku rovnováhy platobnej bilancie, výber z teórie...

ver descrição completa

Na minha lista:
Detalhes bibliográficos
Autor principal: Gonda, Vladimír
Formato: Capítulo de Livro
Idioma:eslovaco
Assuntos:
Tags: Adicionar Tag
Sem tags, seja o primeiro a adicionar uma tag!

MARC

LEADER 00000naa$a2200000$$$4500
001 0007581
005 20240502071352.1
041 0 |a slo 
044 |a SK 
245 1 0 |a [Monetární ekonomie v malé otevřené ekonomice]  |c rec. Vladimír Gonda 
520 |a Recenzia publikácie: Mandel, M. - Tomšík, V.: Monetátní ekonomie v malé otevřené ekonomice. Predmetom je analýza monetárnych procesov v malej otvorenej ekonomike. Publikácia sa skladá z 13 kapitol agregovaných do troch častí, ktoré pokrývajú problematiku rovnováhy platobnej bilancie, výber z teórie menových kurzov a hlavné vývojové fázy menovej politiky v ČR za obdobie 1993 -2003. 
610 2 0 |a recenzie 
610 2 0 |a bilancia platobná 
610 2 0 |a kurz menový 
610 2 0 |a politika menová 
610 2 0 |a Česko 
610 2 0 |a teória zón menových optimálnych 
100 1 |a Gonda, Vladimír